000 00423nam a2200169 4500
003 SEACOMMC
005 20260402122738.0
008 260402b |||||||| |||| 00| 0 eng d
020 _a978-8190738637
040 _aSEACOMMC
082 _a629.2
_bK99
100 _aMoeed, K.M.
245 _aAutomobile Engineering
_cK.M. Moeed
260 _aNew Delhi
_bKataria
_c2010
300 _a500 p
_c20.3 x 25.4 x 4.7 cm
942 _cGBK
999 _c1255
_d1255